Statistics for Best Player On Each NBA Team

Click here to take the quiz!

General Stats

  • This quiz has been taken 15,253 times
    (3,339 since last reset)
  • The average score is 21 of 30

Answer Stats

HintAnswer% Correct
#30 GSWCurry
99%
#23 LALJames
97%
#45 CLEMitchell
92%
#1 PHXBooker
86%
#21 PHIEmbiid
86%
#0 BOSTatum
86%
#22 MIAButler
84%
#0 PORLillard
84%
#11 ATLYoung
84%
#7 BKNDurant
83%
#15 DENJokic
81%
#5 SACFox
80%
#12 MEMMorant
80%
#77 DALDoncic
79%
#3 WASBeal
77%
#30 NYKRandle
77%
#43 TORSiakam
74%
#2 LACLeonard
73%
#11 CHIDeRozan
72%
#14 NOPIngram
72%
#32 MINTowns
72%
#5 ORLBanchero
70%
#0 INDHaliburton
64%
#2 OKCGilgeous-Alexander
61%
#23 UTAMarkkanen
60%
#34 MILAntetokounmpo
59%
#3 SAJohnson
42%
#3 HOUPorter Jr.
19%
#9 DETGrant
18%
#3 CHARozier III
7%

Score Distribution

Percentile by Number Answered

Percent of People with Each Score

Your Score History

You have not taken this quiz since the last reset